Brain symphony : brain-blazing practical techniques in creativity for immediate application

Bibliographic Details
Main Author: Mukerjea, Dilip
Format: Book
Language:English
Published: Singapore : Horizon Books Pte Ltd , 2003
Subjects:

MARC

LEADER 00000cam a2200000 7i4500
001 0000027110
005 20170106.0
008 161207 si a eng
020 |a 9810470150 
040 |a INS 
090 0 0 |a BF408   |b M85 2003 
100 1 |a Mukerjea, Dilip 
245 1 0 |a Brain symphony :   |b brain-blazing practical techniques in creativity for immediate application   |c Dilp Mukerjea 
260 |a Singapore :   |b Horizon Books Pte Ltd ,   |c 2003 
300 |a 319p. :   |b color illustration ;   |c 20 cm. 
500 |a Includes index 
650 0 |a Brain 
650 0 |a Craetivity thinking 
999 |a 0000023978   |b BOOK   |c Open Shelf   |e Default branch